Quiz Pokémon - Statistiques

Statistiques générales
  • Ce quiz a été pris 22 fois
  • Le résultat moyen est 12 sur 30
Statistiques - réponses
Question Réponse % Correct
De quel type est Simularbre ? Roche
94%
Quel objet redonne 1/16e des points de vue après chaque tour ? Restes
88%
Dans X et Y, en quoi est-il possible de se déplacer en plus de la marche et de la bicyclette ? En rollers
71%
Dans les versions Diamant et Perle, quel Pokémon attaque le joueur et son rival au moment de choisir le starter ? Étourmi
71%
Dans la version Platine, où capture-t-on Giratina ? Monde Distorsion
71%
Dans Écarlate et Violet, quel met peut-on préparer au Poké Camping ? Des sandwichs
59%
Dans les versions Rubis et Saphir, en quelle langage sont écrits les inscriptions du Sanctuaire où sont libérés les Golems légendaires ? En braille
59%
Dans la série animé, la troisième phrase de la célèbre devise de la Team Rocket est "Afin de préserver le monde de..." ? La dévastation
59%
Dans Rubis Oméga et Saphir Alpha, comment se nomme la quête Post-Game centrée sur Rayquaza ? L'Épisode Delta
53%
Quel Pokémon a été rendu plus facile à trouver au Parc Safari dans la version Jaune par rapport aux versions Rouge et Bleu ? Tauros
53%
Dans le jeu de cartes, de combien de cartes se compose un Deck ? 60
47%
Dans Légendes Pokémon Arceus, quel nom est donné à la région où se déroule l'aventure, qui deviendra plus tard Sinnoh ? Hisui
47%
Dans Pokémon Donjon Mystère : Équipe de Secours Rouge et Équipe de Secours Bleue, quel Pokémon tient le magasin ? Kecleon
47%
Dans les versions Heartgold et Soulsilver, comment se nomme la compétition sportive se déroulant à Doublonville ? Le Pokéathlon
47%
Dans Légendes Pokémon Z-A, quelle a été la première Méga-Évolution dévoilée ? Méga-Dracolosse
47%
Dans les versions Noire et Blanche, dans quelle ville se situe la Grande Roue ? Méanville
41%
Dans Soleil et Lune, sur quelle île est située Ekaeka ? Mele-Mele
41%
Dans Ultra-Soleil et Ultra-Lune, une épreuve du Tour des Îles a été ajoutée par rapport aux versions Soleil et Lune. Qui en est le capitaine ? Oléa
41%
Dans la version Cristal seulement, comment s'appelle le Dresseur traquant sans relâche Suicune ? Eusine
35%
Dans les versions Rouge et Bleu, quel Pokémon peut-être échangé contre un Canarticho à Carmin-sur-Mer ? Piafabec
35%
Dans les versions Or et Argent, où habite le pharmacien ayant concocté la Potion Secrète ? Irisia
29%
Dans les versions Rouge Feu et Vert Feuille, comment se nomment les îles ajoutées en Post-Game ? Les Îles Sevii
29%
Dans Épée et Bouclier, de quelle arène Rosemary devient Championne après la fin de la quête principale ? Smashings
24%
Dans Diamant Étincelant et Perle Scintillante, quel Pokémon est offert au joueur s'il possède une sauvegarde de Épée et Bouclier ? Jirachi
18%
Dans les versions Noire 2 et Blanche 2, qui est le seul Champion d'Arène des jeux précédents qui ne participe pas au Pokémon World Tournament ? Koga
18%
Dans Pokémon XD : Le souffle des ténèbres, quel est le nom de code du Lugia Obscur ? XD001
6%
Quel est le talent caché de Mystherbe ? Fuite
0%
Dans Let's Go Pikachu et Let's Go Évoli, comment s'appelle l'Experte en Mélodelfe ? Mélodie
0%
Dans la version Émeraude, sous quelle classe de Dresseur est désignée Charline ? Reine Venin
0%
Dans Pokémon Stadium 2, comment s'appelle le professeur de l'Académie Pokémon ? Théophile
0%
Aucun quiz correspondant
Distribution des résultats
% des personnes avec chaque résultat
Percentile par nombre de réponses
Votre historique - résultats
Vous n’avez pas pris ce quiz